Glorious meditation / (Record no. 12895)

MARC details
000 -LEADER
fixed length control field 00584nam a2200205Ia 4500
008 - FIXED-LENGTH DATA ELEMENTS--GENERAL INFORMATION
fixed length control field 210303s9999 xx 000 0 und d
016 ## - NATIONAL BIBLIOGRAPHIC AGENCY CONTROL NUMBER
Source retro2021
020 ## - INTERNATIONAL STANDARD BOOK NUMBER
ISBN 9789789434367
040 ## - CATALOGING SOURCE
Original cataloging agency NLN
Language of cataloging English
Description conventions AACR2
100 ## - MAIN ENTRY--AUTHOR
Author OSAGHAE, Katherine
Relator term aut
245 #0 - TITLE STATEMENT
Title Glorious meditation /
Statement of responsibility, etc Katherine Osaghae
260 ## - PUBLICATION, DISTRIBUTION, ETC. (IMPRINT)
Place of publication Ojo, Lagos State :
Name of publisher Wisdom Resort Company,
Date of publication 2015
300 ## - COLLATION
Pagination xiii, 95p. :
Other physical details ill. ; 19cm
563 ## - BINDING INFORMATION
Binding note (pbk)<br/><br/><br/>
650 ## - TRACINGS
Main Subject Christain life
650 ## - TRACINGS
Main Subject Meditations
942 ## - ADDED ENTRY ELEMENTS (KOHA)
Suppress in OPAC No
Item type Books
050 ## - LIBRARY OF CONGRESS CALL NUMBER
Classification number BV4817
Item number .O81
082 ## - DEWEY DECIMAL CLASSIFICATION NUMBER
Classification number 248.3
Holdings
Source of classification or shelving scheme Not for loan Home library Current library Date acquired Full call number Barcode. Koha item type
Library of Congress Classification   IBADAN BRANCH LIBRARY National Library of Nigeria 04/03/2021 BV4817 .O81 2023-1011425871 Books

National Library of Nigeria OPAC is powered by Koha